000 00352nam a2200145 i 4500
001 bg
100 1 _aSZOT, Z.
245 0 _aTryt :
_bmetabolizm i skutki biologiczne /
_cZ. Szot, M. Rochalska.
260 _aWarszawa,
_c1979.
700 1 _aROCHALSKA, M.
040 _cBPK
041 _apol
942 _cKS
008 s pl f |000 0 pol
999 _c21404
_d21404
856 _uhttp://koha.tu.koszalin.pl/cgi-bin/koha/opac-detail.pl?biblionumber=21404
_yKatalog online BPK